<?xml version="1.0" encoding="UTF-8"?>
<record
    xmlns:xsi="http://www.w3.org/2001/XMLSchema-instance"
    xsi:schemaLocation="http://www.loc.gov/MARC21/slim http://www.loc.gov/standards/marcxml/schema/MARC21slim.xsd"
    xmlns="http://www.loc.gov/MARC21/slim">

  <leader>00576nam a22001577a 4500</leader>
  <controlfield tag="003">OSt</controlfield>
  <controlfield tag="005">20150905115607.0</controlfield>
  <controlfield tag="008">150905b        xxu||||| |||| 00| 0 eng d</controlfield>
  <datafield tag="040" ind1=" " ind2=" ">
    <subfield code="c">RUA</subfield>
  </datafield>
  <datafield tag="082" ind1=" " ind2=" ">
    <subfield code="a">AGR &#x1795;&#x17B6;&#x178F;&#x17CB;&#x200B; 1989 B001 Or.1</subfield>
  </datafield>
  <datafield tag="100" ind1=" " ind2=" ">
    <subfield code="9">23</subfield>
    <subfield code="a">&#x1795;&#x17B6;&#x178F;&#x17CB; &#x1798;&#x17BB;&#x1793;&#x17B8;</subfield>
  </datafield>
  <datafield tag="245" ind1=" " ind2=" ">
    <subfield code="a">&#x1780;&#x17B6;&#x179A;&#x179B;&#x17BC;&#x178F;&#x179B;&#x17B6;&#x179F;&#x17CB;&#x179A;&#x17B8;&#x1780;&#x1785;&#x17C6;&#x179A;&#x17BE;&#x1793;&#x1793;&#x17B7;&#x1784;&#x1791;&#x17B7;&#x1793;&#x17D2;&#x1793;&#x1795;&#x179B;&#x179F;&#x17D2;&#x179A;&#x17BC;&#x179C;&#x1791;&#x17C5;&#x178F;&#x17B6;&#x1798;&#x1780;&#x17B6;&#x179A;&#x1794;&#x17D2;&#x179A;&#x17C2;&#x1794;&#x17D2;&#x179A;&#x17BD;&#x179B;&#x1793;&#x17C3;&#x1785;&#x17C6;&#x1793;&#x17BD;&#x1793;&#x1782;&#x17BB;&#x1798;&#x17D2;&#x1796;&#x17AC;&#x178A;&#x17BE;&#x1798;</subfield>
  </datafield>
  <datafield tag="260" ind1=" " ind2=" ">
    <subfield code="a">Phnom Penh</subfield>
    <subfield code="b">RUA</subfield>
    <subfield code="c">1989</subfield>
  </datafield>
  <datafield tag="300" ind1=" " ind2=" ">
    <subfield code="a">74p.</subfield>
    <subfield code="b">ill.</subfield>
    <subfield code="c">29cm.</subfield>
  </datafield>
  <datafield tag="942" ind1=" " ind2=" ">
    <subfield code="2">ddc</subfield>
    <subfield code="c">AGR</subfield>
  </datafield>
  <datafield tag="999" ind1=" " ind2=" ">
    <subfield code="c">22</subfield>
    <subfield code="d">22</subfield>
  </datafield>
  <datafield tag="952" ind1=" " ind2=" ">
    <subfield code="0">0</subfield>
    <subfield code="1">0</subfield>
    <subfield code="2">ddc</subfield>
    <subfield code="4">0</subfield>
    <subfield code="6">AGR_&#x1795;&#x17B6;&#x178F;_1989_000000000000000_B001_OR_1</subfield>
    <subfield code="7">0</subfield>
    <subfield code="9">75</subfield>
    <subfield code="a">LBB</subfield>
    <subfield code="b">LBB</subfield>
    <subfield code="c">B001</subfield>
    <subfield code="d">2015-09-05</subfield>
    <subfield code="o">AGR &#x1795;&#x17B6;&#x178F;&#x17CB;&#x200B; 1989 B001 Or.1</subfield>
    <subfield code="p">RUA004949</subfield>
    <subfield code="r">2015-09-05</subfield>
    <subfield code="w">2015-09-05</subfield>
    <subfield code="y">AGR</subfield>
  </datafield>
  <datafield tag="952" ind1=" " ind2=" ">
    <subfield code="0">0</subfield>
    <subfield code="1">0</subfield>
    <subfield code="2">ddc</subfield>
    <subfield code="4">0</subfield>
    <subfield code="6">AGR_&#x1795;&#x17B6;&#x178F;_1989_000000000000000_B001_OR_2</subfield>
    <subfield code="7">0</subfield>
    <subfield code="9">36444</subfield>
    <subfield code="a">LBB</subfield>
    <subfield code="b">LBB</subfield>
    <subfield code="d">2016-01-26</subfield>
    <subfield code="o">AGR &#x1795;&#x17B6;&#x178F;&#x17CB;&#x200B; 1989 B001 Or.2</subfield>
    <subfield code="p">RUA036714</subfield>
    <subfield code="r">2016-01-26</subfield>
    <subfield code="w">2016-01-26</subfield>
    <subfield code="y">AGR</subfield>
  </datafield>
</record>
